Normal view
MARC view
- Analysis I
Entry Topical Term
001 - CONTROL NUMBER
- control field: 102886
003 - CONTROL NUMBER IDENTIFIER
- control field: NUST
005 - DATE AND TIME OF LATEST TRANSACTION
- control field: 20221117134127.0
008 - FIXED-LENGTH DATA ELEMENTS
- fixed length control field: 221117|| aca||aabn | a|a d
040 ## - CATALOGING SOURCE
- Original cataloging agency: NUST
- Transcribing agency: NUST
150 ## - HEADING--TOPICAL TERM
- Topical term or geographic name entry element: Analysis I
670 ## - SOURCE DATA FOUND
- Source citation: Work cat.: (NUST)180264: Lang, Serge 102580, Analysis I /, 1968
